000 01156nam a2200301 a 4500
001 1606205
003 CO-ViMGA
005 20230915233610.0
008 190626s2019 ck a gr 0001c spa d
020 _a9789583057502
040 _aCO-ViMGA
_bspa
_cCO-ViMGA
043 _ae-uk-en
082 0 4 _a741.5942
_bD61h1
_219
100 0 _aDobbs.
_9376
245 1 3 _aLa maquina del tiempo /
_cguion Dobbs ; dibujos y color Mathieu Moreau ; traducción del frances Juan Merino.
250 _aEdición Luisa Noguera Arrieta.
260 _aBogot :̀
_bPanamericana Editorial,
_c2019.
300 _a55 páginas :
_bilustraciones ;
_c26 cm.
490 0 _aCom̤ic Panamericana
534 _pTt̕ulo original :
_tLa machine ẻxplorer le temps.
600 1 4 _aWells, Herbert George,
_d1866-1946.
_tLa máquina del tiempo
_v Adaptaciones gráficas.
_9377
650 1 4 _aNovela de ciencia ficción.
_9378
650 1 4 _aNovela gráfica inglesa.
_9379
700 1 _aMerino Castrillo, Juan Fernando,
_d1954-,
_etraductor.
_9381
700 1 _aMoreau, Mathieu,
_eilustrador.
_9380
700 1 _aNoguera Arrieta, Luisa Margarita,
_eeditora.
_974
942 _2ddc
_cBK
999 _c37217
_d37217